| 000 | 00905nas a2200289 4500 | ||
|---|---|---|---|
| 001 | BR9405589 | ||
| 003 | BR-BrBNA | ||
| 005 | 20231205093725.0 | ||
| 007 | ta | ||
| 008 | 230509b bl.|||p| |||| 00| 00por d | ||
| 040 |
_aBR-BrBNA _bpor _cBiblioteca Nacional de Agricultura |
||
| 041 | _a(Pt) | ||
| 072 | _aF30 | ||
| 100 | 1 | _aGonzalez, P.A. de | |
| 100 | 1 | _aLemos, M.A. | |
| 100 | 1 | _aRamalho Neto, C.E. | |
| 100 | 1 | _aReis, O.V. dos | |
| 100 | 1 | _aTabosa, J.N. | |
| 100 | 1 | _aTavares Filho, J.J. | |
| 245 | 1 | _aCorrelacoes geneticas, fenotipicas e ambientais em dois ciclos de selecao no milho dentado composto | |
| 650 | _aMilho | ||
| 650 | _aMelhoramento Genetico Vegetal | ||
| 650 | _aSelecao Genetica | ||
| 773 | 0 |
_tPesquisa Agropecuaria Brasileira (Brazil) _xISSN 0100-204x _g(Mar 1994), v. 29(3) p. 419-425 _wBR9405589 |
|
| 909 |
_a202311 _bLúcia _c55 _dLúcia Elande |
||
| 942 |
_2AGRIS _n0 _cANA |
||
| 999 |
_c140096 _d140096 |
||